[Event "Alushta op"]
[Site "Alushta"]
[Date "2023.07.10"]
[Round "9"]
[White "Savvopulo, Anatolij"]
[Black "Skorobogatykh, Andrey"]
[Result "0-1"]
[WhiteElo "2023"]
[BlackElo "1970"]
[PlyCount "92"]
[EventDate "2023.07.02"]
[EventType "swiss"]
[EventRounds "9"]
[EventCountry "UKR"]
[SourceTitle "CBM 215 Extra"]
[Source "ChessBase"]
[SourceDate "2023.09.30"]
[SourceVersion "1"]
[SourceVersionDate "2023.09.30"]
[SourceQuality "1"]

1. d4 e6 2. e4 d5 3. Nd2 dxe4 4. Nxe4 Nf6 5. Nxf6+ Qxf6 6. Nf3 h6 7. Bb5+ Bd7 8. Qe2 a6 9. Bxd7+ Nxd7 10. Qe4 0-0-0 11. Bf4 g5 12. Bg3 Qg7 13. Qe2 f5 14. Be5 Nxe5 15. dxe5 g4 16. Nd2 Be7 17. 0-0-0 Bg5 18. Kb1 Bxd2 19. Rxd2 Rxd2 20. Qxd2 Qxe5 21. Rd1 Qf6 22. Qd7+ Kb8 23. a4 h5 24. Rd3 f4 25. b4 Qe5 26. b5 axb5 27. axb5 Qe1+ 28. Kb2 Qxf2 29. Qxe6 Qc5 30. Rb3 Rf8 31. Qe2 Qf5 32. b6 Qf6+ 33. Kb1 cxb6 34. Qf2 Rd8 35. Qg1 Rd6 36. Qf1 Rd5 37. Qe2 Ra5 38. Kc1 Qd4 39. Rb1 Re5 40. Qf1 f3 41. gxf3 gxf3 42. Qd1 Qf4+ 43. Kb2 Rb5+ 44. Ka3 Qe3+ 45. Rb3 Rxb3+ 46. cxb3 f2 0-1

[Event "RUS-ch Silent"]
[Site "Zelenograd"]
[Date "2022.04.09"]
[Round "1"]
[White "Skorobogatykh, Andrey"]
[Black "Kasharin, Valentin"]
[Result "1-0"]
[WhiteElo "1994"]
[BlackElo "1772"]
[PlyCount "77"]
[EventDate "2022.04.09"]
[EventType "swiss"]
[EventRounds "11"]
[EventCountry "RUS"]
[SourceTitle "EXT 2023"]
[Source "ChessBase"]
[SourceDate "2022.10.05"]
[SourceVersion "1"]
[SourceVersionDate "2022.10.05"]
[SourceQuality "1"]

1. e4 d5 2. exd5 Nf6 3. Nc3 Nxd5 4. Bc4 Nxc3 5. Qf3 e6 6. Qxc3 Qg5 7. g3 Nc6 8. Nf3 Qg4 9. h3 Qe4+ 10. Be2 f6 11. d3 Qb4 12. Bd2 Qxc3 13. Bxc3 Bb4 14. Kd2 Bxc3+ 15. Kxc3 0-0 16. d4 b6 17. Rhe1 Ne7 18. Bc4 Nd5+ 19. Kb3 c6 20. Re2 Bd7 21. Rae1 a5 22. c3 b5 23. Bd3 Rfb8 24. Kc2 b4 25. Nd2 a4 26. Bc4 Kf8 27. a3 b3+ 28. Kd3 Ra5 29. Ne4 Nb6 30. Nc5 Rxc5 31. dxc5 Nd5 32. f4 Rd8 33. Bxd5 cxd5 34. Rxe6 Bxe6 35. Rxe6 Ra8 36. Kd4 Kf7 37. Re2 Rd8 38. c6 Rc8 39. Kc5 1-0

[Event "RUS-ch Silent"]
[Site "Zelenograd"]
[Date "2020.10.10"]
[Round "9"]
[White "Skorobogatykh, Andrey"]
[Black "Davydov, Evgeny G"]
[Result "1/2-1/2"]
[WhiteElo "2071"]
[BlackElo "1949"]
[PlyCount "118"]
[EventDate "2020.10.03"]
[EventType "swiss"]
[EventRounds "11"]
[EventCountry "RUS"]
[SourceTitle "EXT 2022"]
[Source "ChessBase"]
[SourceDate "2021.10.06"]
[SourceVersion "1"]
[SourceVersionDate "2021.10.06"]
[SourceQuality "1"]

1. e4 e5 2. Nf3 Nc6 3. Bb5 a6 4. Ba4 Nf6 5. 0-0 Be7 6. Re1 b5 7. Bb3 d6 8. c3 0-0 9. h3 Nb8 10. d4 Nbd7 11. Nbd2 Bb7 12. d5 c6 13. dxc6 Bxc6 14. Bc2 Nc5 15. b4 Na4 16. Bxa4 bxa4 17. c4 Qc7 18. Bb2 Qb7 19. a3 Nxe4 20. Nxe4 Bxe4 21. Qxa4 Bxf3 22. gxf3 Qxf3 23. Re3 Qb7 24. Rg3 Qc7 25. Rc1 h6 26. Qd1 Bg5 27. c5 Bxc1 28. Bxc1 dxc5 29. Bxh6 g6 30. Qf3 Qe7 31. bxc5 Rac8 32. Bxf8 Qxf8 33. Qf6 Rxc5 34. Qxa6 Qe8 35. Qb6 Rc1+ 36. Kh2 Qc6 37. Qxc6 Rxc6 38. Re3 f6 39. Kg3 Rc4 40. Rb3 Kf7 41. f3 Ke6 42. Rb6+ Kf5 43. Rb4 Rc1 44. a4 Ra1 45. Rc4 g5 46. h4 gxh4+ 47. Rxh4 Ra3 48. Rb4 Kg5 49. Rg4+ Kf5 50. Rb4 Ke6 51. Kg4 f5+ 52. Kg5 Rxf3 53. Rb6+ Kd5 54. a5 f4 55. Rb5+ Kd6 56. Kf5 Rh3 57. a6 f3 58. a7 f2 59. Rb1 Rh8 1/2-1/2

[Event "RUS-ch Silent"]
[Site "Zelenograd"]
[Date "2020.10.04"]
[Round "2"]
[White "Petrov, Alexey"]
[Black "Skorobogatykh, Andrey"]
[Result "1/2-1/2"]
[WhiteElo "1874"]
[BlackElo "2071"]
[PlyCount "59"]
[EventDate "2020.10.03"]
[EventType "swiss"]
[EventRounds "11"]
[EventCountry "RUS"]
[SourceTitle "EXT 2022"]
[Source "ChessBase"]
[SourceDate "2021.10.06"]
[SourceVersion "1"]
[SourceVersionDate "2021.10.06"]
[SourceQuality "1"]

1. e4 c5 2. Nf3 a6 3. c3 e6 4. d4 d5 5. e5 cxd4 6. cxd4 Be7 7. Bd3 h5 8. h4 Nh6 9. Nc3 Nc6 10. a3 g6 11. b4 Nf5 12. Bxf5 exf5 13. Bg5 Be6 14. 0-0 0-0 15. Re1 b5 16. Qd2 Bxg5 17. Nxg5 Kg7 18. Ne2 Re8 19. Rac1 Rc8 20. Rc3 Qd7 21. Nf4 Ne7 22. Rg3 Rh8 23. Rc1 Rc4 24. Rd1 Qc6 25. Qe3 Bc8 26. Qf3 Kf8 27. Qe3 Kg7 28. Qf3 Kf8 29. Qe3 Kg7 30. Qf3 1/2-1/2

[Event "RUS-ch Silent"]
[Site "Zelenograd"]
[Date "2020.10.03"]
[Round "1"]
[White "Skorobogatykh, Andrey"]
[Black "Oorzhak, Aldar"]
[Result "1-0"]
[WhiteElo "2071"]
[BlackElo "1835"]
[PlyCount "67"]
[EventDate "2020.10.03"]
[EventType "swiss"]
[EventRounds "11"]
[EventCountry "RUS"]
[SourceTitle "EXT 2022"]
[Source "ChessBase"]
[SourceDate "2021.10.06"]
[SourceVersion "1"]
[SourceVersionDate "2021.10.06"]
[SourceQuality "1"]

1. e4 c5 2. Nf3 e6 3. Nc3 Nc6 4. d4 cxd4 5. Nxd4 Nf6 6. Ndb5 Bc5 7. Nd6+ Ke7 8. Nxc8+ Rxc8 9. Bd3 Qc7 10. 0-0 h5 11. Bg5 Ne5 12. Na4 Neg4 13. g3 Bd6 14. h3 Bxg3 15. hxg4 hxg4 16. Qxg4 Bh2+ 17. Kg2 Rcg8 18. Kf3 Ke8 19. Qg2 d5 20. exd5 Qe5 21. Nc3 Nxd5 22. Qg4 Nxc3 23. bxc3 f5 24. Qa4+ Kf7 25. Qd4 Rh3+ 26. Kg2 Rg3+ 27. fxg3 Qxg3+ 28. Kh1 Rh8 29. Qd7+ Kg6 30. Qxe6+ Kxg5 31. Rxf5+ Kh4 32. Qe7+ g5 33. Qe4+ Qg4 34. Kxh2 1-0

[Event "RUS-ch Silent"]
[Site "Zelenograd"]
[Date "2019.04.13"]
[Round "11"]
[White "Rukavishnikov, Maxim"]
[Black "Skorobogatykh, Andrey"]
[Result "1/2-1/2"]
[WhiteElo "1767"]
[BlackElo "2063"]
[PlyCount "72"]
[EventDate "2019.04.03"]
[EventType "swiss"]
[EventRounds "11"]
[EventCountry "RUS"]
[SourceTitle "CBM 190 Extra"]
[Source "ChessBase"]
[SourceDate "2019.07.15"]
[SourceVersion "1"]
[SourceVersionDate "2019.07.15"]
[SourceQuality "1"]

1. e4 c5 2. c3 e6 3. d4 d5 4. e5 Nc6 5. Nf3 cxd4 6. cxd4 Be7 7. Bd3 h5 8. h3 a6 9. a3 Bd7 10. b4 Na7 11. Nc3 b5 12. Be3 Nc8 13. Rc1 Nb6 14. Nd2 Nc4 15. Nxc4 bxc4 16. Bc2 a5 17. Rb1 axb4 18. axb4 Qb6 19. 0-0 Bxb4 20. Bd2 Qa5 21. Ra1 Qxa1 22. Qxa1 Rxa1 23. Rxa1 Ne7 24. Ne4 Bxd2 25. Nd6+ Kf8 26. Ra8+ Nc8 27. Nxc8 g6 28. Nb6+ Be8 29. Ba4 Kg7 30. Rxe8 Rxe8 31. Bxe8 Bc3 32. Ba4 Bxd4 33. Nd7 g5 34. Kf1 h4 35. Ke2 Kg6 36. Kf3 Kg7 1/2-1/2

[Event "RUS-ch Silent"]
[Site "Zelenograd"]
[Date "2019.04.09"]
[Round "7"]
[White "Smirnov, Andrey"]
[Black "Skorobogatykh, Andrey"]
[Result "0-1"]
[WhiteElo "2081"]
[BlackElo "2063"]
[PlyCount "84"]
[EventDate "2019.04.03"]
[EventType "swiss"]
[EventRounds "11"]
[EventCountry "RUS"]
[SourceTitle "CBM 190 Extra"]
[Source "ChessBase"]
[SourceDate "2019.07.15"]
[SourceVersion "1"]
[SourceVersionDate "2019.07.15"]
[SourceQuality "1"]

1. e4 c5 2. b3 d6 3. Bb2 Nf6 4. Nc3 Nc6 5. Nge2 g6 6. Nd5 Bg7 7. Nxf6+ Bxf6 8. Bxf6 exf6 9. Ng3 Qe7 10. Bb5 Bd7 11. 0-0 h5 12. d3 0-0-0 13. Re1 Qe5 14. Bxc6 Bxc6 15. c4 Bd7 16. Qd2 h4 17. Ne2 g5 18. Nc3 Rdg8 19. Kh1 g4 20. Nd5 Kb8 21. Qf4 Rg6 22. g3 Rgh6 23. Qxe5 fxe5 24. Kg2 f5 25. Rad1 Be6 26. exf5 Bxf5 27. Nc3 a6 28. Ne4 Kc7 29. Kf1 Bd7 30. Ke2 Bc6 31. Rf1 hxg3 32. hxg3 Rh2 33. Rg1 Bxe4 34. dxe4 b5 35. Rc1 Kc6 36. Rb1 Rf8 37. Rgf1 Rf3 38. Ke1 bxc4 39. bxc4 Ra3 40. Rb8 Rxa2 41. Rg8 Rh7 42. Rc8+ Rc7 0-1

[Event "RUS-ch Silent"]
[Site "Zelenograd"]
[Date "2019.04.06"]
[Round "4"]
[White "Skorobogatykh, Andrey"]
[Black "Shajakhmetov, Linat"]
[Result "1/2-1/2"]
[WhiteElo "2063"]
[BlackElo "2093"]
[PlyCount "93"]
[EventDate "2019.04.03"]
[EventType "swiss"]
[EventRounds "11"]
[EventCountry "RUS"]
[SourceTitle "CBM 190 Extra"]
[Source "ChessBase"]
[SourceDate "2019.07.15"]
[SourceVersion "1"]
[SourceVersionDate "2019.07.15"]
[SourceQuality "1"]

1. e4 d6 2. Nf3 e5 3. d4 Nd7 4. Bc4 h6 5. dxe5 Nb6 6. Bd3 Bg4 7. exd6 Bxd6 8. h3 Bh5 9. Nc3 Qe7 10. Be3 Nf6 11. Qe2 Bb4 12. Bd2 0-0-0 13. 0-0-0 Rhe8 14. g4 Bg6 15. e5 Bxd3 16. cxd3 Nfd7 17. d4 f6 18. Rhe1 fxe5 19. Nxe5 Nf6 20. Qd3 Qf8 21. f4 Bxc3 22. Bxc3 Nfd5 23. f5 Na4 24. Bd2 Qf6 25. Kb1 Qb6 26. Nc4 Qa6 27. b3 Nab6 28. Ne5 Qxd3+ 29. Nxd3 Rxe1 30. Rxe1 Nf6 31. Bc3 Nbd5 32. Bb2 b6 33. Ne5 Nf4 34. h4 h5 35. g5 N6d5 36. Nc6 Rf8 37. Ne7+ Kd7 38. Nxd5 Nxd5 39. Re5 c6 40. a4 Nf4 41. Ba3 Re8 42. a5 Ng2 43. axb6 axb6 44. f6 gxf6 45. Rf5 fxg5 46. Rxg5 Nxh4 47. Rxh5 1/2-1/2

[Event "RUS-ch Silent"]
[Site "Zelenograd"]
[Date "2018.11.03"]
[Round "11"]
[White "Kudriavtsev, Yury"]
[Black "Skorobogatykh, Andrey"]
[Result "1-0"]
[WhiteElo "1799"]
[BlackElo "2160"]
[PlyCount "51"]
[EventDate "2018.10.25"]
[EventType "swiss"]
[EventRounds "11"]
[EventCountry "RUS"]
[SourceTitle "EXT 2020"]
[Source "ChessBase"]
[SourceDate "2019.10.17"]
[SourceVersion "1"]
[SourceVersionDate "2019.10.17"]
[SourceQuality "1"]

1. d4 e6 2. Nf3 Nf6 3. Bg5 Be7 4. e3 b6 5. Bd3 Bb7 6. Nbd2 d6 7. c3 Nbd7 8. 0-0 h6 9. Bh4 g5 10. Bg3 Nh5 11. Qe2 Bf6 12. e4 e5 13. dxe5 Nxg3 14. fxg3 Bxe5 15. Nd4 Qe7 16. Nf5 Qe6 17. Nd4 Bxd4+ 18. cxd4 0-0-0 19. a4 a5 20. b4 axb4 21. a5 bxa5 22. Rxa5 h5 23. Ba6 Nb6 24. Bxb7+ Kxb7 25. Qa6+ Kb8 26. Rc1 1-0

[Event "RUS-ch Silent"]
[Site "Zelenograd"]
[Date "2017.09.27"]
[Round "11"]
[White "Ivanov, Nikolay A"]
[Black "Skorobogatykh, Andrey"]
[Result "1/2-1/2"]
[WhiteElo "1838"]
[BlackElo "2182"]
[PlyCount "50"]
[EventDate "2017.09.19"]
[EventType "swiss"]
[EventRounds "11"]
[EventCountry "RUS"]
[SourceTitle "EXT 2019"]
[Source "ChessBase"]
[SourceDate "2018.10.10"]
[SourceVersion "1"]
[SourceVersionDate "2018.10.10"]
[SourceQuality "1"]

1. Nf3 Nf6 2. c4 b6 3. g3 Bb7 4. Bg2 g6 5. b3 Bg7 6. Bb2 c5 7. 0-0 0-0 8. Nc3 d6 9. Re1 Ne4 10. Qc2 Nxc3 11. Bxc3 Bxc3 12. Qxc3 Nd7 13. d4 cxd4 14. Qxd4 Qc7 15. Rad1 Rad8 16. Qe3 Rfe8 17. Qh6 Nf8 18. h4 d5 19. cxd5 Rxd5 20. Rxd5 Bxd5 21. Rc1 Qb7 22. Ne1 Bxg2 23. Nxg2 Rc8 24. Rxc8 Qxc8 25. Qd2 Qd7 1/2-1/2

[Event "Zelenograd-ch"]
[Site "Zelenograd"]
[Date "2016.09.26"]
[Round "11"]
[White "Skorobogatykh, Andrey"]
[Black "Tubakin, Leonid"]
[Result "1-0"]
[WhiteElo "2155"]
[BlackElo "1981"]
[PlyCount "77"]
[EventDate "2016.09.19"]
[EventType "swiss"]
[EventRounds "11"]
[EventCountry "RUS"]
[SourceTitle "EXT 2017"]
[Source "ChessBase"]
[SourceDate "2016.10.25"]
[SourceVersion "1"]
[SourceVersionDate "2016.10.25"]
[SourceQuality "1"]

1. e4 e5 2. Nf3 Nc6 3. Bb5 a6 4. Ba4 Nf6 5. 0-0 Be7 6. Re1 d6 7. c3 0-0 8. h3 b5 9. Bc2 Bb7 10. d3 Re8 11. Nbd2 Nb8 12. Nf1 c5 13. Ng3 g6 14. Bh6 Bf8 15. Qd2 Bg7 16. Nf5 Nxe4 17. Rxe4 gxf5 18. Bxg7 Kxg7 19. Rh4 Bxf3 20. Qh6+ Kg8 21. gxf3 Re6 22. Qxh7+ Kf8 23. Qh8+ Ke7 24. Qxd8+ Kxd8 25. Rh8+ Re8 26. Rh7 Ke7 27. Bb3 Rf8 28. f4 Nd7 29. Re1 Kf6 30. Rh6+ Ke7 31. fxe5 dxe5 32. f4 Rg8+ 33. Kh2 Rg7 34. fxe5 c4 35. dxc4 Nc5 36. cxb5 Rag8 37. Re2 Ne4 38. Bd5 Ng3 39. Rf2 1-0

[Event "Zelenograd-ch"]
[Site "Zelenograd"]
[Date "2016.09.23"]
[Round "9"]
[White "Skorobogatykh, Andrey"]
[Black "Malyuga, Valentin"]
[Result "0-1"]
[WhiteElo "2155"]
[BlackElo "2110"]
[PlyCount "64"]
[EventDate "2016.09.19"]
[EventType "swiss"]
[EventRounds "11"]
[EventCountry "RUS"]
[SourceTitle "EXT 2017"]
[Source "ChessBase"]
[SourceDate "2016.10.25"]
[SourceVersion "1"]
[SourceVersionDate "2016.10.25"]
[SourceQuality "1"]

1. e4 c5 2. Nf3 e6 3. d4 cxd4 4. Nxd4 a6 5. Be3 Nf6 6. Nc3 Qc7 7. a3 b5 8. Bd3 Bb7 9. 0-0 d5 10. exd5 Nxd5 11. Nxd5 Bxd5 12. c3 Nd7 13. Re1 Be7 14. Qh5 Nf6 15. Qh3 h5 16. Bg5 Kf8 17. Qh4 Ng4 18. Bxe7+ Qxe7 19. Qg3 Qd7 20. h3 Nf6 21. Qh4 Qd6 22. Rad1 Rc8 23. g4 Qf4 24. Re3 g5 25. Qg3 hxg4 26. Ne2 Qxg3+ 27. Rxg3 Rxh3 28. Rxh3 gxh3 29. Kh2 Bg2 30. Kg3 Rd8 31. Bc2 Rxd1 32. Bxd1 Ne4+ 0-1

[Event "RUS-ch Silent"]
[Site "Zelenograd"]
[Date "2015.06.06"]
[Round "7"]
[White "Skorobogatykh, Andrey"]
[Black "Varezhkin, Viktor"]
[Result "0-1"]
[WhiteElo "2117"]
[BlackElo "2255"]
[PlyCount "54"]
[EventDate "2015.06.02"]
[EventType "swiss"]
[EventRounds "11"]
[EventCountry "RUS"]
[SourceTitle "EXT 2018"]
[Source "ChessBase"]
[SourceDate "2017.10.13"]
[SourceVersion "1"]
[SourceVersionDate "2017.10.13"]
[SourceQuality "1"]

1. e4 c6 2. Nc3 d5 3. Nf3 Nf6 4. exd5 cxd5 5. Bb5+ Bd7 6. 0-0 Nc6 7. d4 a6 8. Bxc6 bxc6 9. Ne5 e6 10. Bg5 Be7 11. Re1 c5 12. dxc5 Rb8 13. Qd4 Qa5 14. Nxd7 Kxd7 15. c6+ Kxc6 16. Rad1 Rhd8 17. Bf4 Rb4 18. Qd2 Bc5 19. Ne4 Nxe4 20. Rxe4 dxe4 21. Qxd8 Qxd8 22. Rxd8 Rxb2 23. a3 Rxc2 24. Be3 Kc7 25. Rd2 Rxd2 26. Bxd2 Kc6 27. Kf1 Kb5 0-1